Problem of Eveil (Record no. 5585)
[ view plain ]
| 000 -LEADER | |
|---|---|
| fixed length control field | 00560nam a2200241 a 4500 |
| 020 ## - INTERNATIONAL STANDARD BOOK NUMBER | |
| ISBN | |
| 082 00 - DEWEY DECIMAL CLASSIFICATION NUMBER | |
| Classification number | 241.3 |
| Author Cutter | PET |
| 100 ## - MAIN ENTRY--AUTHOR NAME | |
| Author name | Petit, Francois |
| 245 ## - TITLE STATEMENT | |
| Title | Problem of Eveil |
| 260 ## - PUBLICATION, DISTRIBUTION, ETC. (IMPRINT) | |
| Place of publication | London |
| Name of publisher | Burns and Oates |
| Year of publication | 1959 |
| 300 ## - PHYSICAL DESCRIPTION | |
| Number of Pages | 142p |
| 500 ## - GENERAL NOTE | |
| General note | includes index and biblioraphy |
| 505 2# - FORMATTED CONTENTS NOTE | |
| Formatted contents note | Index |
| 650 ## - SUBJECT ADDED ENTRY--TOPICAL TERM | |
| Topical Term | Sin-Christianity |
| 942 ## - ADDED ENTRY ELEMENTS (KOHA) | |
| Koha item type | Books |
| 700 1# - | |
| -- | Petit, Francois |
| Collection code | Home library | Current library | Date acquired | Cost, normal purchase price | Full call number | Accession Number | Koha item type |
|---|---|---|---|---|---|---|---|
| Henry Martyn Institute Library | Henry Martyn Institute Library | 12/09/2009 | 100.00 | 241.3 PET | 07268 | Books |
